000 01196nam0a2200337 4500
001 RU\NLR\BIBL_A\022686936
005 20260327140818.0
010 _a978-5-60530-826-3
_9500
021 _aRU
_bКН-П-25-067163
_9КН-П-25-6489
035 _a(NLR Aleph) 022686936
090 _a13646867
_c13646867
100 _a20251212d2025 k y0rusy50 ca
101 0 _arus
102 _aRU
105 _ay z 000zy
181 0 _ai
_baxxe
182 0 _an
200 1 _aО двух концепциях этноса и нации
_fВиктор Асанов
203 _aТекст
_bвизуальный
_cнепосредственный
205 _a2-е изд., испр.
210 _aНальчик
_cПечатный двор
_d2025
215 _a202 с.
_d21
320 _aБиблиогр. в примеч. в конце глав
606 1 _aЭтносы
_xТеория
_92314200
_3RU\NLR\AUTH\6601610233
686 1 _aТ3(0)56,02
686 1 _aС550.67
700 1 _7ca
_8rus
_aАсанов
_bВ. Н.
_f1943-
_gВиктор Нухович
_92650332
_3RU\NLR\AUTH\770278365
942 _cBOOK
980 _aNB